Miasta w Szwecji powyżej 100k mieszkańców - Statystyki

Ogólne statystyki
  • Ten quiz został rozwiązany 116 razy
  • Średni wynik to 4 z 7
Statystyki odpowiedzi
Ludność Miasto % Poprawnych
1372565 Sztokholm
99%
280415 Malmo
95%
549839 Goteborg
88%
140454 Uppsala
58%
104232 Linkoping
36%
107038 Orebro
35%
110877 Vasteras
32%
Nie znaleziono quizów pasujących do podanych kryteriów
Rozkład punktacji
Procent ludzi z każdym wynikiem
Percentyl według liczby udzielonych odpowiedzi
Twoja historia wyników
Nie rozwiązałeś tego quizu